[Event "Turnier 40 / 120"]
[Site "Wien"]
[Date "2022.08.12"]
[Round "44"]
[White "Mephisto Berlin 68000 - 12 MHZ"]
[Black "Novag Diamond II H8 - 32 MHZ"]
[Result "1-0"]
[BlackElo "2135"]
[WhiteElo "2138"]

{Analyse ----> Stockfish 15} 1. d4 d5 2. c4 dxc4 3. Nf3 Nf6 4. e3 Bg4 5.
Bxc4 e6 6. h3 Bh5 7. O-O {Buchende} Nbd7 8. Nc3 Bd6 9. e4 {Mephisto Berlin
68000 wieder im Buch} e5 10. Be2 O-O 11. Be3 Re8 {Buchende} 12. Nxe5
{Buchbewertung Mephisto Berlin 68000: +0,42} Bxe2 {Buchbewertung Novag
Diamond II: -0,11 / lt. Stockfish ist die Stellung exakt gleich 0,00} 13.
Qxe2 Nxe5 14. dxe5 Bxe5 15. f3 Qe7 16. Qc4 Qe6 17. Qxe6 fxe6 18. Rfd1 Rad8
19. Rac1 a6 20. Na4 b5? {ein schwacher Zug, danach ist Weiss klar im
Vorteil, Stockfish +1,50, deutlich besser ist Txd1 mit leichtem Vorteil für
Weiss} 21. Rxd8 Rxd8 22. Nc5 Bxb2 23. Rc2 Be5 24. Nxe6 Rd7?? {ein ganz
schwacher Zug, danach ist die Partie bereits verloren, Stockfish -3,00,
deutlich mehr Widerstand leistet Te8 mit ca. -1,40} 25. Nc5? {klar
schwächer als Kf2, Stockfish +2,00} Rd6 26. f4 Bd4 27. Bxd4 Rxd4 28. e5?
{ein ganz schlechter Zug, der nahezu den gesamten Vorteil verspielt, danach
steht Weiss nur noch knapp besser, Stockfish +0,30, gewonnen hätte der auch
von Novag Diamond II vorgeschlagene Zug Kf2 mit ca. +2,00} Nd5 29. Nxa6
Rc4??? {ein absoluter Verlustzug, den auch Mephisto Berlin 68000
vorgeschlagen hätte, danach ist die Partie sofort verloren, Stockfish -4,00
mit der Fortsetzung Txc4, nötig war Txf4 und die Stellung wäre im Lot} 30.
Rxc4 bxc4 31. g3??? {ein totales Blackout von Mephisto Berlin 68000, damit
wirft er den Sieg hin mit einem Schlag, danach ist die Partie Remis,
Stockfish 0,00, sofort gewonnen hätte Sc5} c3 32. Nc5 c2??? {doch es folgt
der nächste absolute Verlustzug, danach ist die Partie neuerlich sofort
verloren, Stockfish -5,00, nach Sb4 !! wäre die Partie Remis} 33. Nd3!
{klar das hätte verhindert werden müssen.} c5 34. Nc1 Kf7 35. a4 {klar
schwächer als Kf2, aber hier gewinnt praktisch schon jede plausible
Fortsetzung, Stockfish +3,50} Ke6 36. a5 {Mephisto Berlin 68000: +1,12 noch
viel zu vorsichtig} h5 {Novag Diamond II hat absolut keine Ahnung von
dieser Stellung: Bewertung 0,00 ????} 37. a6 Nc7 38. a7 g5??? {es spielt
keine Rolle mehr, aber dieser Zug verliert forciert ist nochmals um ganze
13 Bauerneinheiten !! schlechter als Kd5, Stockfish -18,00} 39. Kf2 h4 40.
fxg5 hxg3+ 41. Kxg3 {Rest geschenkt} 1-0
[/pgn]
[pgn]

[Event "Turnier 40 / 120"]
[Site "Wien"]
[Date "2022.08.13"]
[Round "45"]
[White "Novag Diamond II H8 - 32 MHZ"]
[Black "Mephisto Berlin 68000 - 12 MHZ"]
[Result "1/2-1/2"]
[BlackElo "2138"]
[WhiteElo "2135"]

{Analyse ----> Stockfish 15} 1. b3 e5 2. Bb2 Nc6 3. e3 Nf6 4. Nf3 e4 5. Nd4
Nxd4 {Buchende} 6. Bxd4 Be7 7. c4 O-O 8. Qc2 c6 9. Nc3 {Buchende} d5 {lt.
Stockfish ist die Stellung etwa gleich} 10. d3 {besser ist cxd5} Bf5 11.
Be2 Qc7 12. cxd5 cxd5 13. f3? {ein schlechter Zug, danach ist Schwarz klar
im Vorteil, STockfish +0,90 mit der Fortsetzung Ld6, deutlich besser ist
0-0 und die Stellung wäre im Lot} exf3 14. Bxf3 Qd7? {deutlich besser ist
Tac8, nach dem Textzug ist die Stellung wieder im Lot} 15. O-O Rac8 16. Qd2
b6 17. Rac1 Be6 18. Ne2 Rxc1 19. Rxc1 Rc8 20. Rxc8+ Qxc8 21. h3 h6 22. Qc3
Qa6 23. a4 Bc5?? {ein ganz schlechter Zug, danach ist die Partie praktisch
schon verloren, Stockfish -2,00 mit der Fortsetzung Lxc5} 24. Kh1??? {also
dieser Zug ist das Allerletzte, was um Gottes willen soll das sein, also da
fehlen einem tatsächlich die Worte, danach ist die Stellung wieder im Lot
und jeglicher Vorteil ist dahin} Bxd4 25. Nxd4 Bd7 26. Kh2 b5 27. Nxb5 Bxb5
28. axb5 Qxb5 29. b4 Qd7 30. Kg3 a6 31. Qd4 Qc7+ 32. Kf2 Qc2+ 33. Be2 Qc8
{die Stellung ist im Lot, Stockfish 0,00} 34. h4 Qf5+ 35. Bf3 Qe6 36. g4 g5
37. h5 Qd6 38. Kf1 Qe6 39. Ke2 Kh7 40. Kd1 Kg8 41. Kc2 Kh7 42. Kc3 Kg8 43.
Bd1 {die Stellung ist klares Remis, Schwarz greift doppelt den Punkt g4 an
was beide weissen Figuren bindet und Weiss greift seinerseits den Punkt d5
an, da geht eigentlich gar nichts mehr, Stockfish 0,00} Qd6 44. Be2 Qc6+
45. Kd2 Qe6 46. Bd1 Qd6 47. Bf3 Qh2+ 48. Kd1 Qd6 49. Kc2 Qh2+ 50. Kb3 Qd6
51. Kb2 Kg7 52. Kc2 Qg3 53. Bxd5 Qxg4 54. Qxg4 Nxg4 55. Kd2 Nf6 56. Bb7
{die Stellung ist immer noch Remis, Stockfish 0,00} Nxh5 57. Bxa6 Nf6 58.
b5 Nd7 59. Bc8 Nb6 60. Bg4 Kg6 61. e4 h5 62. Bf5+ Kf6 63. Ke3 Ke5 64. d4+
Kd6 65. Bh7 Ke6 66. Kf3 {nach wie vor alles im Lot} Nc4 67. Ke2 g4 68. Bf5+
Kf6 69. Kd3 Nb6 70. Ke3 Kg5 71. Ke2 h4 72. Kf2 Kf4 73. Kg1 Nc4 74. d5 g3
75. Kg2 Ke5 76. Kf3 f6 77. Bh3 Kd4 78. Kf4 Kc5 79. Kg4 Ne3+ 80. Kxh4 g2 81.
Bxg2 Nxg2+ 82. Kg4 Ne3+ 83. Kf4 Nc4 84. Kf5 Nd6+ 85. Kxf6 Nxe4+ 1/2-1/2
[/pgn]
[pgn]

[Event "Turnier 40 / 120"]
[Site "Wien"]
[Date "2022.08.15"]
[Round "46"]
[White "Mephisto Berlin 68000 - 12 MHZ"]
[Black "Novag Diamond II H8 - 32 MHZ"]
[Result "0-1"]
[BlackElo "2135"]
[WhiteElo "2138"]

{Analyse ---->> Stockfish 15} 1. d4 d5 2. c4 dxc4 3. Nf3 Nf6 4. e3 Bg4 5.
Bxc4 e6 6. h3 Bh5 7. Nc3 Nbd7 8. g4 Bg6 9. Nh4 Be4 {Buchende} 10. Nxe4
{Buchende} Nxe4 {Buchbewertung Novag Diamond II: +0,03} 11. Qc2
{Buchbewertung Mephisto Berlin 68000: -0,03 / lt. Stockfish ist die
Stellung etwa gleich} Nd6 12. Nf3 Nxc4 13. Qxc4 Qf6 14. Ke2 Bd6 15. Qb3
O-O-O 16. Qa4? {ein schlechter Zug, danach steht Schwarz bereits klar
besser Stockfish +1,30, nötig war e4 mit Ausgleich} Kb8 17. e4 Qg6 18. Qc2
Nf6 19. Ke3??? {ein absoluter Verlustzug, danach ist die Partie sofort
verloren, Stockfish -4,50 mit der Fortsetzung c5, nötig war Lg5 mit ca.
-1,00} c5! 20. Rd1 {etwas besser ist noch Ke2} cxd4+ 21. Rxd4 Rc8 22. Rc4
Rxc4??? {ein ganz schlechter Zug, um 3,50 !! Bauerneinheiten schlechter als
Sd5+, danach ist Schwarz "nur" noch mit ca. +1,50 im Vorteil} 23. Qxc4 Rc8
24. Qd3 Bc5+ 25. Ke2 Qxe4+ 26. Qxe4 Nxe4 27. Bf4+ Bd6 28. Bxd6+ {klar
schwächer als Le3, Stockfish -2,50} Nxd6 29. Rd1 {deutlich besser ist Kd3,
nach dem Textzug ist die Partie schon verloren, Stockfish -3,70 mit der
Fortsetzung Tc2+} Rc2+ 30. Rd2 Rxd2+ 31. Kxd2 Kc7 32. Kd3 Kc6 {Schwarz hat
nur einen Mehrbauern, Stockfish 15 sieht die Stellung aber bereits
hoffnungslos -4,00} 33. b3 Kd5 34. Nd2 e5 35. h4 e4+ 36. Ke3 h5 37. gxh5
Ke5 {Stockfish +6,00} 38. a4 b6 39. b4 Nf5+ 40. Ke2 Kd4 41. b5 Nxh4 42. Nf1
f5 43. Ne3 f4 44. Ng4 Nf5 45. Ke1 Nh6 46. Nh2 Nf7 47. Ng4 Kc4 48. Kd1 Kb3
49. Kd2 Nd6 50. Ke2 Kxa4 51. Ne5 Nxb5 0-1
[/pgn]
[pgn]

[Event "Turnier 40 / 120"]
[Site "Wien"]
[Date "2022.08.17"]
[Round "47"]
[White "Novag Diamond II H8 - 32 MHZ"]
[Black "Mephisto Berlin 68000 -12 MHZ "]
[Result "1/2-1/2"]
[BlackElo "2138"]
[WhiteElo "2135"]

{Analyse ------>>> Stockfish 15} 1. e4 c5 2. Nf3 Nc6 3. d4 cxd4 4. Nxd4 g6
5. Nc3 Bg7 6. Be3 Nf6 7. Bc4 Qa5 8. O-O O-O 9. Nb3 Qc7 {Buchende} 10. f4 d6
11. Be2 b6 {Mephisto Berlin 68000 wieder im Buch} 12. Bf3 Bb7 {Buchende}
13. Bf2 {Buchende} Rfc8 {Buchbewertung Mephisto Berlin 68000: +0,48} 14.
Qd2 {Buchbewertung Novag Diamond II: +0,03 / lt. Stockfish ist die Stellung
ausgeglichen 0,00} Nd8 {deutlich besser ist Sa5, Stockfish +0,90 für Weiss
mit der Fortsetzung Tad1} 15. e5 {das bringt allerdings keinerlei Vorteil
für Weiss, die Stellung ist wieder im Lot, Stockfish 0,00} dxe5 16. fxe5
Ne8 17. Bxb7 Qxb7 18. Bg3 a5 19. Rad1 a4 20. Nd4 Rc5 21. Qe3 a3? {ein
schlechter Zug, danach ist Weiss klar im Vorteil, Stockfish -1,20, nach b5
! wäre die Stellung exakt im Lot gewesen} 22. b4 Rc4 23. b5 Nc7 {deutlich
besser ist Tac8, Stockfish +1,50 mit der Fortsetzung Dd3} 24. Qd3 Rb4 25.
Rb1? {ein schwacher Zug, der wieder einen Grossteil des Vorteiles
verspielt, Stockfish +0,50 für Weiss, deutlich besser ist h3} Rxb1 26.
Nxb1? {damit verspielt Weiss auch noch den Rest des kleinen Vorteiles, die
Stellung ist wieder im Lot, nötig war natürlich Txb1} Qd5? {das ist
allerdings nicht die richtige Fortsetzung, danach ist Weiss wieder klar im
Vorteil, Stockfish +1,50 mit der Fortsetzung Sc3, nötig war Tc8 mit
Ausgleich} 27. Nc3 Qc5 {besser ist noch Dd7, nach dem Textzug ist die
Partie praktisch schon verloren, Stockfish -2,00} 28. Ne4 Qb4 {etwas besser
ist noch Dd5, Stockfish -3,00} 29. Be1? {verspielt neuerloich einen
Grossteil des Vorteiles, danach ist Weiss nur noch mit ca. +1,00 im
Vorteil, sofort gewonnen hätte c3} Qa4 30. Nc3 Qb4 31. Ne4 Qa4 32. Nc3 Qb4
33. Ne4 {Stellungswiederholung} 1/2-1/2
[/pgn]
[pgn]

[Event "Turnier 40 / 120"]
[Site "Wien"]
[Date "2022.08.18"]
[Round "48"]
[White "Mephisto Berlin 68000 - 12 MHZ"]
[Black "Novag Diamond II H8 - 32 MHZ"]
[Result "1/2-1/2"]
[BlackElo "2135"]
[WhiteElo "2138"]

{Analyse ----> Stockfish 15} 1. c4 c5 2. Nc3 Nc6 3. Nf3 Nf6 4. g3
{Buchende} e6 5. Bg2 Be7 6. O-O a6 {Buchende / ein eher ungünstiger
Buchzug, besser ist d5} 7. d3 {etwas besser ist der noch im Buch von Novag
Diamond II gespeicherte Zug d4 / lt. Stockfish steht Weiss knapp besser mit
ca. +0,30} d6 8. Bg5 O-O 9. Qd2 Bd7 10. Rad1 Qa5 11. a3 Rad8 12. Bxf6 Bxf6
13. Ne4 Be7 14. Qxa5 Nxa5 15. b4 cxb4 16. axb4 Nc6 {die Stellung ist im
Lot, Stockfish 0,00} 17. b5? {so allerdings nicht, danach ist Schwarz klar
im Vorteil, Stockfish +1,50, nötig war der auch von Novag Diamond II
vorgeschlagene Zug Tb1 !} axb5 18. cxb5 Na7 19. b6 Nb5 20. Rc1 Rc8 21. e3
Rc6 22. Ra1? {deutlich schwächer als Txc6, Stockfish -2,30} Rxb6 23. Rfb1
Ra6 24. Rc1? {ein ganz schwacher Zug, danach ist die Partie bereits
verloren, Stockfish -3,00 mit der Fortsetzung Tfa8, deutlich besser ist
Txa6 mit ca. -2,00} Rfa8 25. Rxa6 {nochmals klar schwächer als Tab1,
Stockfish -4,00} Rxa6? {hier ist allerdings bxa6 klar vorzuziehen,
Stockfish +2,80} 26. d4 Bc6 27. Ned2 Ra2 28. Bf1 Nc7 {etwas besser ist Sa3,
Stockfish +2,50} 29. Bd3 h6 30. Rb1 Nd5 31. Bc4 Ra3? {ein ganz schwacher
Zug, der den Vorteil von Schwarz halbiert, Stockfish nur noch +1,50 mit der
Fortsetzung Lb5, nötig war Ta5, um eben diesen Zug zu verhindern.} 32. Bb5
Kh8??? {ein Horrorzug, der den Sieg bereits verschenkt, unfassbar !!!, was
bitte will der König im Eck ???, die Stellung ist damit bereits im Lot,
Stockfish 0,00, nötig war der von Mephisto Berlin 68000 erwartete Zug Lxb5
mit ca. +1,60 für Schwarz} 33. Bxc6! {na klar} bxc6 34. e4 Nc3 35. Rb7 Bg5
36. Nxg5 hxg5 37. Rxf7 Ra2 38. Nc4 d5 39. Ne5 Ne2+ 40. Kf1 Nxd4 41. Rc7
Ra1+ 42. Kg2 Re1 43. Nf7+ Kh7 44. Nxg5+ Kg6 45. h4 dxe4 46. Rd7 c5 47. Rc7
Re2 48. Rxc5 e3 49. h5+ Kf6 50. Ne4+ Ke7 51. Rc7+ Kf8 52. Rc8+ Ke7 53. Rc7+
Kf8 54. Rc8+ Ke7 55. Rc7+ {Stellungswiederholung} 1/2-1/2
[/pgn]
[pgn]

[Event "Turnier 40 / 120"]
[Site "Wien"]
[Date "2022.08.18"]
[Round "49"]
[White "Novag Diamond II H8 - 32 MHZ"]
[Black "Mephisto Berlin 68000 - 12 MHZ"]
[Result "1-0"]
[BlackElo "2138"]
[WhiteElo "2135"]

{Analyse ------> Stockfish 15} 1. d4 d5 2. c4 e6 3. Nc3 Be7 4. Nf3 Nf6 5.
Bg5 O-O 6. e3 h6 7. Bh4 Ne4 8. Bxe7 Qxe7 9. cxd5 Nxc3 10. bxc3 exd5 11. Qb3
Rd8 12. c4 dxc4 13. Bxc4 {Buchende} Nc6 {Buchende} 14. Qb2 {Buchbewertung
Novag Diamond II: +0,19} Bg4 {Buchbewertung Mephisto Berlin 68000: -0,09 /
lt. Stockfish ist die Stellung exakt gleich 0,00} 15. O-O Bxf3 16. gxf3
Qg5+ 17. Kh1 Na5 18. Be2 c5 19. dxc5 Qxc5 20. Rac1 Qe7 21. Rfd1 Rxd1+ 22.
Rxd1 Rd8 23. Rxd8+ Qxd8 {die Stellung ist immer noch im Lot, Stockfish
0,00} 24. Kg2 Qg5+ 25. Kf1 Qd5 26. Ke1 b6 27. Qd2 Qxd2+ 28. Kxd2 g5 29. Kd3
Kg7 30. Ke4 Kg6 31. Ba6 h5? {ein ganz schwacher Zug, danach ist die Partie
praktisch schon verloren, Stockfish +2,00 mit der Fortsetzung f4, nötig war
Sc6 mit nur sehr geringem Vorteil für Weiss} 32. Kd5? {verpasst klaren
Vorteil nach dem Textzug ist Weiss nur noch mit ca. +0,60 im Vorteil} Kf6
33. e4 {besser ist Kd6, nach dem Textzug ist Weiss nur noch hauchdünn im
Vorteil mit ca. +0,20} Kg6? {ein Verlustzug, danach ist die Partie
praktisch verloren, Stockfish -3,00 mit der Fortsetzung e5, nötig war h4}
34. e5! h4 35. Bc8 {besser ist Ld3+, aber auch nach dem Textzug steht Weiss
klar auf Gewinn, Stockfish +2,50} Kh6 36. Ke4??? {ein ganz schlechter Zug,
der einen Grossteil des Vorteiles verspielt, nach La6 wäre Weiss bereits
mit ca. +3,30 im Vorteil gewesen, nach dem Textzug nur noch mit knappen
+0,60, dieser Zug verschenkt praktisch den Sieg} Nc6 37. Bd7 Nb4? {klar
schwächer als Se7, Stockfish +1,00 mit der Fortsetzung Kf5} 38. Kf5 Kg7 39.
a4 Nd3 40. Bb5 Nxf2??? {ein absoluter Verlustzug, danach ist die Partie
sofort verloren, Stockfish -7,00 mit der Fortsetzung Kxg5, nötig war Sc5
und Kampf ist noch möglich mit ca. -1,00} 41. Kxg5 Nd1 42. Kxh4 Kg6 43. Kg4
Ne3+ 44. Kf4 Nd5+ 45. Ke4 Nc7 46. f4 a6 47. f5+ Kg7 48. Bd7 Kf8 49. Kd4 Ke7
50. Bc6 Kf8 51. h4 {Stockfish +15,00} Ke7 52. h5 Kf8 53. Bd7 Kg7 54. e6
fxe6 55. fxe6 Kf6 56. h6 Kg6 57. e7 {Stockfish Matt in 19} Kxh6 58. Ke5 Kg6
59. Kd6 Kf7 60. Kxc7 Kxe7 61. Bb5 a5 62. Kxb6 Kd8 {Mephisto Berlin 68000:
-12,6 -----> Aufgegeben !} 1-0
[/pgn]
[pgn]

[Event "Turnier 40 / 120"]
[Site "Wien"]
[Date "2022.08.19"]
[Round "50"]
[White "Mephisto Berlin 68000 - 12 MHZ"]
[Black "Novag Diamond II H8 - 32 MHZ"]
[Result "0-1"]
[BlackElo "2135"]
[WhiteElo "2138"]

{Analyse ----> Stockfish 15} 1. d4 c5 2. dxc5 e6 3. Nc3 Bxc5 4. Ne4 Nf6 5.
Nxc5 Qa5+ 6. c3 Qxc5 7. Nf3 {Buchende} d5 {Buchende} 8. Bg5 {Buchbewertung
Mephisto Berlin 68000: +0,36} Ne4 {Buchbewertung Novag Diamond II: +0,23 /
lt. Stockfish ist die Stellung etwa gleich} 9. e3 Nc6 10. Bd3 Nxg5 11. Nxg5
Ne5 12. Nxh7??? {ein Verlustzug, danach ist die Partie bereits verloren,
Stockfish -3,00, nötig war Le2 mit Ausgleich} Nxd3+ 13. Qxd3 {Mephisto
Berlin 68000 ahnt noch nichts Böses: +0,21 ?} Qe7! {richtig, Novag Diamond
II: +0,88 / Stockfish +3,00} 14. Rd1? {Mephisto Berlin 68000: -1,33 /
nochmals ganz schlecht, Stockfish -4,70, deutlich besser ist noch h4} f5
15. Qb5+ Kf7 16. c4 dxc4 17. Qxc4 Rxh7 18. O-O Rh4 19. Qb5 a6 20. Qe5 Bd7
21. Rd6 Bc6 22. Rfd1 Rah8 23. h3 Ra4 24. a3 Qf6 25. Qxf6+ gxf6 26. f3 Rc4
27. R1d2 Ke7 28. Kf2 Bd5 29. Rb6 Bc6 {Stockfish +6,50} 30. b3 Rd8 31. Ke2
Rc1 32. Rxd8 Kxd8 33. a4 Rc2+ 34. Kf1 Kc7 35. a5 Rc5 36. b4 Rc1+ 37. Kf2
Rh1 38. Kg3 {der weisse Turm ist eingeschlossen und Schwarz hat eine
Mehrfigur, hier erspare ich Mephisto Berlin 68000 die Hinrichtung /
Stockfish -10,00} 0-1
[/pgn]